[Event "FICGS class F 000004 email"]
[Site "FICGS email"]
[Date "2006.06.18"]
[Round "1"]
[White "Starling, Stephen"]
[Black "Keyston, Ron"]
[Result "0-1"]
[WhiteElo "1200"]
[BlackElo "1200"]
[PlyCount "30"]
[EventDate "2006.??.??"]
[EventType "tourn (corr)"]
[EventRounds "5"]
[SourceTitle "Corr 2022"]
[Source "ChessBase"]
[SourceDate "2021.10.24"]
[SourceVersion "1"]
[SourceVersionDate "2021.10.24"]
[SourceQuality "1"]

1. e4 d5 2. exd5 Qxd5 3. Nc3 Qd6 4. Nf3 Nf6 5. d4 a6 6. Bc4 Nc6 7. 0-0 Bg4 8. Be3 0-0-0 9. d5 Qb4 10. Qe2 Ne5 11. Bxa6 Bxf3 12. Qb5 Qxb5 13. Bxb5 Bxd5 14. Rfd1 e6 15. Nxd5 Rxd5 0-1